00537nas a2200193 4500001001000000003000900010005001700019007000300036008003400039040005400073041000900127072000800136100002500144100001800169245004900187650001000236650001200246773008500258BR9504876BR-BrBNA20231205094141.0ta230509b bl.|||p| |||| 00| 00por d aBR-BrBNAbporcBiblioteca Nacional de Agricultura a(Pt) aH101 aMeyer-Cachapuz, L.M.1 aJuruena, L.F.1 aFormigas cortadeiras: o prejuizo dos pomares aPomar aFormiga0 tIPAGRO Informa (Brazil)xISSN 0100-3410g(Oct 1988), no. 31 p. 99-102wBR9504876